000 00575nam a2200205Ia 4500
005 20250923144842.0
008 008 250917s9999 xx 000 0 eng d
037 _aTextual
040 _aDSWL
_beng
_cDSWL
041 _aeng
_2eng
084 _aYoaX;61, N56
_qDSWL
100 _aMasani, R.P.
_9829066
245 4 _aThe role of wealth in society
_cby R.P. Masani
260 _aBombay
_bPopularBook Depot
_c1955
300 _axiii,162p.
365 _aINR
_b6.75
925 _g6.75
942 _cTEXL
_hYoaX;61, N56
999 _c1444158
_d1444158